The Godfather Characters - Statistics

General Stats
  • This quiz has been taken 351 times
  • The average score is 8 of 12
Answer Stats
Picture Answer % Correct
Vito Corleone
99%
Michael Corleone
98%
Sonny Corleone
94%
Fredo Corleone
90%
Tom Hagen
79%
Connie Corleone
68%
Peter Clemenza
65%
Moe Greene
57%
Virgil Sollozzo
51%
Hyman Roth
47%
Emilio Barzini
41%
Frank pentangeli
25%
No matching quizzes found
Score Distribution
Percent of People with Each Score
Percentile by Number Answered
Your Score History
You have not taken this quiz